Minecraft: the unlikely tale of Markus "Notch" Persson and the game that changed everything (Record no. 51259)

MARC details
000 -LEADER
fixed length control field 00812nam a2200205 a 4500
008 - FIXED-LENGTH DATA ELEMENTS--GENERAL INFORMATION
fixed length control field 160425s2011 ||||||||||||||||| || u
020 ## - INTERNATIONAL STANDARD BOOK NUMBER
International Standard Book Number 9781609805371
050 ## - LIBRARY OF CONGRESS CALL NUMBER
Classification number GV 1469.35. M535 Gol
100 ## - MAIN ENTRY--PERSONAL NAME
Personal name Goldberg, Daniel
245 10 - TITLE STATEMENT
Title Minecraft: the unlikely tale of Markus "Notch" Persson and the game that changed everything
Statement of responsibility, etc. By Daniel Goldberg and Linus Larsson
260 ## - PUBLICATION, DISTRIBUTION, ETC.
Place of publication, distribution, etc. New York
Name of publisher, distributor, etc. Seven Stories Press
Date of publication, distribution, etc. 2011
300 ## - PHYSICAL DESCRIPTION
Extent 255p.:ill.
350 ## - PRICE (NR) (BK AM CF MU VM SE) [OBSOLETE]
Price 21.95
650 ## - SUBJECT ADDED ENTRY--TOPICAL TERM
Topical term or geographic name entry element MINECRAFT (GAME)
650 ## - SUBJECT ADDED ENTRY--TOPICAL TERM
Topical term or geographic name entry element COMPUTER GAMES
650 ## - SUBJECT ADDED ENTRY--TOPICAL TERM
Topical term or geographic name entry element PERSSON, MARKUS, 1979
650 ## - SUBJECT ADDED ENTRY--TOPICAL TERM
Topical term or geographic name entry element COMPUTER GAMES -- DESIGN
650 ## - SUBJECT ADDED ENTRY--TOPICAL TERM
Topical term or geographic name entry element COMPUTER PROGRAMMERS
995 ## - RECOMMENDATION 995 [LOCAL, UNIMARC FRANCE]
-- CBU-MAIN LIBRARY (Kitwe)
-- 21.95
-- 1
-- AVAILABLE
-- May 6, 2016
-- Main Library Open Access Collection
Holdings
Withdrawn status Lost status Source of classification or shelving scheme Damaged status Not for loan Home library Current library Shelving location Date acquired Total Checkouts Full call number Barcode Date last seen Price effective from Koha item type
          CBU-MAIN LIBRARY, KITWE. CBU-MAIN LIBRARY, KITWE.   11/30/2022   GV 1469.35. M535 Gol 746389 11/30/2022 11/30/2022 MONOGRAPH